000 01196nam a2200277 a 4500
001 BRCA_8782
005 20190320210417.0
008 050417s1730----sp-#######---#000-0#spa-#
041 _aspa
044 _asp
084 _aBE156
_b.M37 1730
100 1 _aMasillon, Juan Bautista
_921887
245 1 0 _aSermones sobre diferentes evangelios de quaresma, y acerca de diversos assumptos de la moral christiana
_cpor el ilustrissimo, y Rmo. Señor Don Juan Bautista Masillon. Obispo de Clermont de la Douve, en Francia.
260 _aMadrid
_bEn la Imprenta de Bernardo Peralta, vive en calle del Horno de la Mata
_c1730
300 _a[22], 343 p. (t.3)
_c20.5 x 15 cm.
500 _aCon privilegio
500 _aTraducidos ahora en castellano
500 _aEn portada: Dedicado al excelentissimo señor Don Thomas de Idiáquez, Capitán General de las Costa, y Exercitos de Andalucia
500 _aEstado físico: presenta encuadernación en pergamino, con lomo desprendido y algunas hojas manchadas
650 1 4 _aSermones
_921350
650 1 4 _aCuaresma
_921672
700 1 _aperalta, Bernardo
_eImpresor
_921888
700 1 _aIdiáquez, Thomas de
_921889
902 _aCFM
942 _2lcc
_cB
999 _c8433
_d8433